书目信息 |
| 题名: |
数学考前辅导教程
|
|
| 作者: | 王飞燕 编 | |
| 分册: | ||
| 出版信息: | 北京 清华大学出版社 2003.07 |
|
| 页数: | 335页 | |
| 开本: | 25cm | |
| 丛书名: | ||
| 单 册: | ||
| 中图分类: | O13 | |
| 科图分类: | ||
| 主题词: | 高等数学 | |
| 电子资源: | ||
| ISBN: | 7-302-06713-9 | |
| 000 | 00548nam0 2200193 45 | |
| 001 | 0435986968 | |
| 005 | 20060906165520.90 | |
| 010 | @a7-302-06713-9@dCNY 29.00 | |
| 100 | @a20040429d2003 km y0chiy0120 ea | |
| 101 | 0 | @achi |
| 102 | @aCN@b110000 | |
| 200 | 1 | @a数学考前辅导教程@AShu Xue Kao Qian Fu Dao Jiao Cheng@f王飞燕等编@FWang Fei Yan Deng Bian |
| 210 | @a北京@c清华大学出版社@d2003.07 | |
| 215 | @a335页@d25cm | |
| 606 | 0 | @a高等数学 |
| 690 | @aO13@v3 | |
| 701 | 0 | @a王飞燕@AWang Fei Yan@4编 |
| 801 | 0 | @aCN@bPFT@c20060906 |
| 905 | @dO13@eW178 | |
| 数学考前辅导教程/王飞燕等编.-北京:清华大学出版社,2003.07 |
| 335页;25cm |
| ISBN 7-302-06713-9:CNY 29.00 |
| ● |
| 相关链接 |
|
|
|
正题名:数学考前辅导教程
索取号:O13/W178
 
预约/预借
| 序号 | 登录号 | 条形码 | 馆藏地/架位号 | 状态 | 备注 |
| 1 | 380213 | 203802135 | 自科二线504/504自科库 43排4列2层/ [索取号:O13/W178] | 在馆 | |
| 2 | 380214 | 203802144 | 自科二线504/504自科库 43排4列2层/ [索取号:O13/W178] | 在馆 | |
| 3 | 380215 | 203802153 | 自科库401/401自科库 107排4列2层/ [索取号:O13/W178] | 在馆 | |
| 4 | 447879 | 204478797 | 自科库401/401自科库 107排4列2层/ [索取号:O13/W178] | 在馆 |